| 000 | 00979cam a2200289 a 4500 | ||
|---|---|---|---|
| 001 | 1055552 | ||
| 003 | SISC | ||
| 005 | 20160309082006.0 | ||
| 008 | 900924s1991 ilu 001 0 eng | ||
| 010 | _a 90063325 | ||
| 020 | _a0844256625 | ||
| 040 |
_aDLC _cDLC _dDLC |
||
| 050 | 0 | 0 |
_aPN 1042 _b.Os84 1992 |
| 082 |
_aHS 809.1 _bO1 1992 |
||
| 100 | 1 |
_aOsborn, Patricia. _913438 |
|
| 245 | 1 | 0 |
_aPoetry by doing : _bnew approaches to reading, writing, and appreciating poetry / _cPatricia Osborn. |
| 260 |
_aUSA : _bNational Textbook Co., _cc1992. |
||
| 300 |
_a218 p. : _c28 cm. |
||
| 500 | _aIncludes index. | ||
| 650 | 0 |
_aPoetics. _913439 |
|
| 650 | 0 |
_aPoetry _xStudy and teaching. _913440 |
|
| 856 | 4 | 2 |
_3Contributor biographical information _uhttp://www.loc.gov/catdir/enhancements/fy0737/90063325-b.html |
| 906 |
_a7 _bcbc _corignew _d3 _eopcn _f19 _gy-gencatlg |
||
| 942 |
_2lcc _cBK |
||
| 999 |
_c9389 _d9389 |
||